<?xml version="1.0" encoding="UTF-8"?>
<record
    xmlns:xsi="http://www.w3.org/2001/XMLSchema-instance"
    xsi:schemaLocation="http://www.loc.gov/MARC21/slim http://www.loc.gov/standards/marcxml/schema/MARC21slim.xsd"
    xmlns="http://www.loc.gov/MARC21/slim">

  <leader>00894nam a22001577a 4500</leader>
  <datafield tag="999" ind1=" " ind2=" ">
    <subfield code="c">39504</subfield>
    <subfield code="d">39504</subfield>
  </datafield>
  <datafield tag="020" ind1=" " ind2=" ">
    <subfield code="a">9798886263732</subfield>
  </datafield>
  <datafield tag="082" ind1=" " ind2=" ">
    <subfield code="a">303.482</subfield>
    <subfield code="b">HEN-G</subfield>
  </datafield>
  <datafield tag="100" ind1=" " ind2=" ">
    <subfield code="a">Henderson, Terence </subfield>
  </datafield>
  <datafield tag="245" ind1=" " ind2=" ">
    <subfield code="a">Global Gender economic and Devlopment/</subfield>
    <subfield code="c">Terence  Henderson </subfield>
  </datafield>
  <datafield tag="260" ind1=" " ind2=" ">
    <subfield code="a">Wilmington:</subfield>
    <subfield code="b">American Academic,</subfield>
    <subfield code="c">2024.</subfield>
  </datafield>
  <datafield tag="300" ind1=" " ind2=" ">
    <subfield code="a">xiv, 302p.</subfield>
  </datafield>
  <datafield tag="520" ind1=" " ind2=" ">
    <subfield code="a">Economic Empowerment: Central to breaking cycles of poverty and achieving equality. Initiatives like microfinance and education programs are critical.
Policy Advocacy: International frameworks such as the UN Sustainable Development Goals (SDG-5) advocate for gender equality as part of broader development goals.
Cultural Shifts: Globalization's role in challenging or reinforcing traditional gender roles varies by region.</subfield>
  </datafield>
  <datafield tag="650" ind1=" " ind2=" ">
    <subfield code="a">Economic Empowerment</subfield>
    <subfield code="v">Poverty and achieving</subfield>
  </datafield>
  <datafield tag="650" ind1=" " ind2=" ">
    <subfield code="a">International frameworks</subfield>
    <subfield code="v">Development</subfield>
    <subfield code="z">UN</subfield>
  </datafield>
  <datafield tag="942" ind1=" " ind2=" ">
    <subfield code="2">ddc</subfield>
    <subfield code="c">BK</subfield>
  </datafield>
  <datafield tag="952" ind1=" " ind2=" ">
    <subfield code="0">0</subfield>
    <subfield code="1">0</subfield>
    <subfield code="4">0</subfield>
    <subfield code="7">0</subfield>
    <subfield code="a">NASSDOC</subfield>
    <subfield code="b">NASSDOC</subfield>
    <subfield code="d">2024-03-21</subfield>
    <subfield code="e">Ahuja Book Company PVT.LTD</subfield>
    <subfield code="g">10785.20</subfield>
    <subfield code="i">22-03-2024</subfield>
    <subfield code="l">0</subfield>
    <subfield code="o">303.482 HEN-G</subfield>
    <subfield code="p">54527</subfield>
    <subfield code="r">2024-05-30 00:00:00</subfield>
    <subfield code="v">16592.62</subfield>
    <subfield code="w">2024-05-30</subfield>
    <subfield code="y">BK</subfield>
  </datafield>
</record>
